[Event "VL2021 MVP"]
[Site "MVP"]
[Date "2020.10.18"]
[Round "2.2"]
[White "Bauer, Norbert"]
[Black "Hubert, Peter"]
[Result "1/2-1/2"]
[WhiteElo "2054"]
[BlackElo "2114"]
[PlyCount "141"]
[EventDate "2020.??.??"]
[EventType "team-tourn"]
[EventRounds "9"]
[EventCountry "GER"]
[WhiteTeam "SAV Torgelow"]
[BlackTeam "HSG Stralsund"]
[WhiteTeamCountry "GER"]
[BlackTeamCountry "GER"]

1. d4 Nf6 2. c4 d5 3. cxd5 Nxd5 4. e4 Nb6 5. Nc3 g6 6. Be3 Bg7 7. Bd3 O-O 8.
Nge2 Nc6 9. d5 Ne5 10. Bd4 e6 11. Bb5 a6 12. Bxb6 cxb6 13. Ba4 b5 14. Bb3 b4
15. Na4 b5 16. Nc5 Qb6 17. Rc1 exd5 18. Bxd5 Ra7 19. O-O Rc7 20. Nb3 Nc4 21.
Nd2 Nxb2 22. Qb3 a5 23. Rxc7 Qxc7 24. Rc1 Qe7 25. Nf3 Na4 26. Nfd4 Bxd4 27.
Nxd4 Nc3 28. Nc6 Qc5 29. Kf1 Bb7 30. Nxa5 Bxd5 31. exd5 Qd4 32. Re1 Qd3+ 33.
Kg1 Qd2 34. Rf1 Re8 35. g3 Nxd5 36. Nc6 Re2 37. Qf3 Qxa2 38. Rd1 Nc7 39. Qf6
Qe6 40. Qxe6 Rxe6 41. Nxb4 Re4 42. Nd5 Nxd5 43. Rxd5 Rb4 44. h4 h5 45. Kg2 Rb2
46. Kf3 Kg7 47. Rd6 Kf8 48. Rd7 b4 49. Rb7 Kg7 50. Rb6 Rb1 51. Kg2 b3 52. Kf3
b2 53. Kg2 Kf8 54. Rb7 Ke8 55. Kf3 Kd8 56. Kg2 Kc8 57. Rb6 Kc7 58. Rb4 Kc6 59.
Rb8 Kd5 60. Rd8+ Ke5 61. Re8+ Kd6 62. Rb8 f6 63. Rb6+ Ke5 64. Rb8 g5 65. hxg5
fxg5 66. Re8+ Kd4 67. Rd8+ Ke5 68. Re8+ Kf6 69. Rf8+ Kg7 70. Rb8 h4 71. g4
1/2-1/2

[Event "VL2021 MVP"]
[Site "MVP"]
[Date "2020.10.18"]
[Round "2.3"]
[White "Mehl, Ronald"]
[Black "Bress, Aaron"]
[Result "1-0"]
[WhiteElo "2099"]
[BlackElo "1795"]
[PlyCount "59"]
[EventDate "2020.??.??"]
[EventType "team-tourn"]
[EventRounds "9"]
[EventCountry "GER"]
[WhiteTeam "HSG Stralsund"]
[BlackTeam "SAV Torgelow"]
[WhiteTeamCountry "GER"]
[BlackTeamCountry "GER"]

1. Nf3 Nf6 2. g3 g6 3. Bg2 Bg7 4. d4 d5 5. O-O O-O 6. Nbd2 Nbd7 7. c4 c6 8. Qc2
Re8 9. e4 dxe4 10. Nxe4 Nxe4 11. Qxe4 Nf6 12. Qh4 Bf5 13. Re1 Qb6 14. b3 Rad8
15. h3 a5 16. Ba3 Qc7 17. Bc1 h5 18. Bf4 Qc8 19. Be5 Qd7 20. Re2 a4 21. Rae1 b5
22. Kh2 bxc4 23. bxc4 Bd3 24. Re3 Bxc4 25. Ra3 Bb5 26. g4 hxg4 27. Ng5 Qf5 28.
Rg3 Qxf2 29. Re4 Nxe4 30. Qh7+ 1-0

[Event "VL2021 MVP"]
[Site "MVP"]
[Date "2020.10.18"]
[Round "2.4"]
[White "Grossmann, Piet"]
[Black "Paulowitz, Bernd-Rainer"]
[Result "1-0"]
[WhiteElo "1849"]
[BlackElo "1904"]
[PlyCount "103"]
[EventDate "2020.??.??"]
[EventType "team-tourn"]
[EventRounds "9"]
[EventCountry "GER"]
[WhiteTeam "SAV Torgelow"]
[BlackTeam "HSG Stralsund"]
[WhiteTeamCountry "GER"]
[BlackTeamCountry "GER"]

1. e4 c6 2. d4 d5 3. Nc3 dxe4 4. Nxe4 Nf6 5. Nxf6+ exf6 6. c3 Bd6 7. Bd3 O-O 8.
Qc2 h6 9. Be3 Be6 10. Ne2 Qc7 11. h3 Re8 12. O-O Nd7 13. c4 b6 14. Nc3 Rac8 15.
Rac1 Nb8 16. Ne4 Be7 17. Qd2 Qd8 18. Ng3 Bf8 19. Bb1 Qd7 20. Rfd1 Rcd8 21. Bf4
Bd6 22. Bxd6 Qxd6 23. Ne4 Qd7 24. Qc2 Kf8 25. Ng3 g6 26. Qd2 Kg7 27. Qf4 Qd6
28. Qf3 f5 29. Qc3 Kg8 30. Nf1 Qe7 31. Re1 Qf6 32. Rcd1 Bc8 33. Rxe8+ Rxe8 34.
Nh2 Nd7 35. Qd2 Qg5 36. Qxg5 hxg5 37. Bd3 Kg7 38. Nf3 f6 39. Kf1 Kf7 40. Bc2
Bb7 41. Ba4 Rd8 42. b4 a6 43. Bb3 Kf8 44. Rd2 Ke7 45. Re2+ Kf8 46. Rd2 Nb8 47.
a3 Nd7 48. c5 b5 49. d5 Ne5 50. Nxe5 fxe5 51. dxc6 Rxd2 52. cxb7 1-0

[Event "VL2021 MVP"]
[Site "MVP"]
[Date "2020.10.18"]
[Round "2.5"]
[White "Glawe, Hartmut"]
[Black "Ehlers, Michael"]
[Result "0-1"]
[WhiteElo "2017"]
[BlackElo "1941"]
[PlyCount "104"]
[EventDate "2020.??.??"]
[EventType "team-tourn"]
[EventRounds "9"]
[EventCountry "GER"]
[WhiteTeam "HSG Stralsund"]
[BlackTeam "SAV Torgelow"]
[WhiteTeamCountry "GER"]
[BlackTeamCountry "GER"]

1. d4 Nf6 2. Bf4 e6 3. e3 b6 4. Nf3 Bb7 5. Nbd2 Be7 6. h3 O-O 7. Bd3 c5 8. c3
d6 9. Qe2 cxd4 10. exd4 Re8 11. O-O Nbd7 12. Nc4 Qc7 13. Bh2 Bf8 14. Ne3 a6 15.
a4 Qc6 16. c4 g6 17. Rfc1 e5 18. d5 Qc7 19. Bb1 Nc5 20. Ra3 a5 21. Nd2 Rac8 22.
g4 Qd7 23. Bc2 Bg7 24. Rb1 Na6 25. Ndf1 Qe7 26. Ng3 Nb4 27. Be4 Nxe4 28. Nxe4
Ba6 29. Rc3 Rc7 30. b3 Rec8 31. Qd2 Rf8 32. Ng3 Bc8 33. Re1 Qh4 34. Ng2 Qd8 35.
Qe2 f5 36. gxf5 gxf5 37. Nh5 f4 38. Nxg7 Rxg7 39. Kh1 Qf6 40. Rf3 Bxh3 41. Rxh3
f3 42. Qd2 Rxg2 43. Bg3 Qg6 44. Rh6 Qxg3 45. fxg3 Rxd2 46. Rxd6 f2 47. Rf1 Nd3
48. Rd7 Rf6 49. Kg2 Ne1+ 50. Kh3 Rh6+ 51. Kg4 Rg6+ 52. Kh3 Rd3 0-1

[Event "VL2021 MVP"]
[Site "MVP"]
[Date "2020.10.18"]
[Round "2.6"]
[White "Schmidt, Paul"]
[Black "Kohn, Thomas"]
[Result "0-1"]
[WhiteElo "1915"]
[BlackElo "1964"]
[PlyCount "66"]
[EventDate "2020.??.??"]
[EventType "team-tourn"]
[EventRounds "9"]
[EventCountry "GER"]
[WhiteTeam "SAV Torgelow"]
[BlackTeam "HSG Stralsund"]
[WhiteTeamCountry "GER"]
[BlackTeamCountry "GER"]

1. e4 c5 2. Nf3 Nc6 3. d4 cxd4 4. Nxd4 g6 5. Nc3 Bg7 6. Be3 Qa5 7. f3 Nf6 8.
Bc4 Qb4 9. Ndb5 O-O 10. Bb3 a6 11. Nc7 Rb8 12. N7d5 Nxd5 13. exd5 Ne5 14. a3
Qh4+ 15. Bf2 Qf4 16. Qe2 d6 17. Ne4 b5 18. h4 h5 19. Be3 Qf5 20. O-O-O Qd7 21.
Rdg1 b4 22. g4 hxg4 23. fxg4 bxa3 24. bxa3 Qc7 25. Kd1 Qa5 26. Ng5 Rxb3 27.
cxb3 Bxg4 28. Rxg4 Qxd5+ 29. Rd4 Qxh1+ 30. Kd2 Rc8 31. Qf2 Qc1+ 32. Ke2 Qc2+
33. Bd2 Qxb3 0-1

[Event "VL2021 MVP"]
[Site "MVP"]
[Date "2020.10.18"]
[Round "2.7"]
[White "Kohn, Andreas"]
[Black "Troemer, Felix"]
[Result "1/2-1/2"]
[WhiteElo "1958"]
[BlackElo "1753"]
[PlyCount "66"]
[EventDate "2020.??.??"]
[EventType "team-tourn"]
[EventRounds "9"]
[EventCountry "GER"]
[WhiteTeam "HSG Stralsund"]
[BlackTeam "SAV Torgelow"]
[WhiteTeamCountry "GER"]
[BlackTeamCountry "GER"]

1. e4 c5 2. Nf3 e6 3. d4 cxd4 4. Nxd4 a6 5. c4 Qc7 6. Nc3 Nf6 7. Bd3 b6 8. O-O
Bb7 9. Be3 Be7 10. Rc1 d6 11. f4 Nbd7 12. f5 Nc5 13. fxe6 fxe6 14. b4 Nxd3 15.
Qxd3 Qd7 16. Nf3 O-O 17. Bxb6 Qc6 18. Be3 Rac8 19. Nd2 Rfd8 20. b5 Qd7 21. Na4
axb5 22. Nb6 bxc4 23. Rxc4 Qb5 24. Nxc8 Bxc8 25. Qb3 Qxb3 26. axb3 Ba6 27. Rc7
Bxf1 28. Kxf1 Kf8 29. Ke2 Ke8 30. Kd3 Rd7 31. Rc8+ Rd8 32. Rc7 Rd7 33. Rc8+ Rd8
1/2-1/2

[Event "VL2021 MVP"]
[Site "MVP"]
[Date "2020.10.18"]
[Round "2.1"]
[White "Brock, Friedemann"]
[Black "Fischer, Torsten"]
[Result "1/2-1/2"]
[WhiteElo "2249"]
[BlackElo "2026"]
[PlyCount "110"]
[EventDate "2020.??.??"]
[EventType "team-tourn"]
[EventRounds "9"]
[EventCountry "GER"]
[WhiteTeam "SSC Rostock"]
[BlackTeam "SF Schwerin III"]
[WhiteTeamCountry "GER"]
[BlackTeamCountry "GER"]

1. d4 d5 2. c4 e6 3. Nc3 Nf6 4. Nf3 Bb4 5. Bg5 Nbd7 6. cxd5 exd5 7. e3 O-O 8.
Bd3 Qe8 9. O-O c6 10. Qc2 Bxc3 11. bxc3 Ne4 12. c4 Ndf6 13. cxd5 cxd5 14. Bxf6
Nxf6 15. Rab1 Qe7 16. Rfc1 Rd8 17. Ne5 Be6 18. Qc7 Qxc7 19. Rxc7 b6 20. Rbc1
Ne8 21. R7c3 Kf8 22. h4 g6 23. h5 gxh5 24. Bxh7 Nd6 25. Bd3 b5 26. Rc5 a6 27.
Nc6 Rd7 28. a4 Rb7 29. axb5 axb5 30. Nb4 Ne4 31. Bxe4 dxe4 32. d5 Bd7 33. d6
Rb6 34. Rd1 Ra4 35. Rd4 f5 36. Rc7 Ke8 37. Kh2 Rxb4 38. Rxb4 Rxd6 39. Rc2 Ke7
40. f3 exf3 41. gxf3 Kf6 42. Kg3 Kg5 43. f4+ Kf6 44. Rd4 Rxd4 45. exd4 Ke6 46.
Kh4 Kd5 47. Kxh5 b4 48. Rc7 Be6 49. Rb7 Kc4 50. Kg5 Bd5 51. Rb8 b3 52. Kxf5
Kxd4 53. Kf6 Kc3 54. Ke5 Bc4 55. f5 b2 1/2-1/2

[Event "VL2021 MVP"]
[Site "MVP"]
[Date "2020.10.18"]
[Round "2.2"]
[White "Kupfernagel, Michael"]
[Black "Mangold, Thomas"]
[Result "1/2-1/2"]
[WhiteElo "2030"]
[BlackElo "2012"]
[PlyCount "51"]
[EventDate "2020.??.??"]
[EventType "team-tourn"]
[EventRounds "9"]
[EventCountry "GER"]
[WhiteTeam "SF Schwerin III"]
[BlackTeam "SSC Rostock"]
[WhiteTeamCountry "GER"]
[BlackTeamCountry "GER"]

1. d4 d5 2. Nc3 Nf6 3. Bg5 Nbd7 4. f3 c6 5. e3 e5 6. Bd3 Be7 7. Nge2 Qb6 8. Rb1
O-O 9. O-O Re8 10. Qd2 exd4 11. exd4 Nf8 12. Bh4 Ng6 13. Bf2 Bd6 14. Rfe1 Qc7
15. g3 Bd7 16. Kg2 a6 17. Ng1 b6 18. Rxe8+ Rxe8 19. Re1 Rxe1 20. Qxe1 Ne7 21.
Nce2 Bf5 22. Qd2 Qc8 23. g4 Bxd3 24. Qxd3 Ng6 25. Bg3 Bxg3 26. hxg3 1/2-1/2

[Event "VL2021 MVP"]
[Site "MVP"]
[Date "2020.10.18"]
[Round "2.3"]
[White "Kallweit, Paul"]
[Black "Jung, Werner"]
[Result "1-0"]
[WhiteElo "1832"]
[BlackElo "2043"]
[PlyCount "73"]
[EventDate "2020.??.??"]
[EventType "team-tourn"]
[EventRounds "9"]
[EventCountry "GER"]
[WhiteTeam "SSC Rostock"]
[BlackTeam "SF Schwerin III"]
[WhiteTeamCountry "GER"]
[BlackTeamCountry "GER"]

1. d4 f5 2. c4 Nf6 3. Nc3 g6 4. Nf3 Bg7 5. g3 d6 6. Bg2 c6 7. O-O O-O 8. Qc2
Na6 9. Rd1 Qc7 10. a3 e5 11. dxe5 dxe5 12. b4 Be6 13. Nxe5 Nh5 14. f4 Bxe5 15.
fxe5 Qxe5 16. Bb2 Qe3+ 17. Kh1 Bxc4 18. Ne4 Bb3 19. Qc3 Qxc3 20. Nxc3 Bxd1 21.
Rxd1 Rad8 22. Rc1 Rd2 23. Ba1 Nf6 24. b5 Nb8 25. e4 fxe4 26. Nxe4 Nxe4 27. Bxe4
Re8 28. Bc3 Rd7 29. Bc2 c5 30. Bb3+ Kf8 31. Rf1+ Ke7 32. Re1+ Kd8 33. Bf6+ Rde7
34. Bf7 Nd7 35. Bh4 h6 36. Bxg6 Nf8 37. Bxe8 1-0

[Event "VL2021 MVP"]
[Site "MVP"]
[Date "2020.10.18"]
[Round "2.5"]
[White "Schmidt, Peter"]
[Black "Hasselmann, Dieter"]
[Result "1-0"]
[WhiteElo "2109"]
[BlackElo "2116"]
[PlyCount "135"]
[EventDate "2020.??.??"]
[EventType "team-tourn"]
[EventRounds "9"]
[EventCountry "GER"]
[WhiteTeam "SSC Rostock"]
[BlackTeam "SF Schwerin III"]
[WhiteTeamCountry "GER"]
[BlackTeamCountry "GER"]

1. Nf3 d5 2. b3 Nf6 3. e3 g6 4. Bb2 Bg7 5. d3 c5 6. Nbd2 Nc6 7. Ne5 Qc7 8. Nxc6
Qxc6 9. Be2 Qc7 10. Nf3 O-O 11. O-O Bg4 12. Be5 Qb6 13. c4 Rfd8 14. Qc2 Rd7 15.
Rac1 Rc8 16. Ba1 Bxf3 17. Bxf3 Qc7 18. Bxf6 Bxf6 19. cxd5 h5 20. g4 Kg7 21.
gxh5 gxh5 22. Bg2 Qd6 23. Qe2 Rh8 24. f4 e6 25. dxe6 fxe6 26. Be4 Kf8 27. Kh1
b6 28. Rg1 Rg7 29. Rxg7 Bxg7 30. Rg1 Rh6 31. Rg5 h4 32. Qg4 Qe7 33. h3 Qf6 34.
Qg2 Qa1+ 35. Kh2 Qc3 36. Bg6 Qb2 37. Rg4 Rh8 38. Qxb2 Bxb2 39. Kg2 Ke7 40. Be4
Bf6 41. Kf3 Kf7 42. Bg6+ Ke7 43. f5 e5 44. Ke4 Rd8 45. Rg1 a5 46. Bh7 Kf7 47.
a3 Bg7 48. Bg6+ Ke7 49. Be8 Bf6 50. Bb5 Kd6 51. Rg6 Ke7 52. Bc4 Rb8 53. a4 Rd8
54. Be6 Rb8 55. Rh6 b5 56. axb5 Rxb5 57. Rh7+ Kd8 58. Rd7+ Ke8 59. Ra7 Rb4+ 60.
Bc4 Rb8 61. Kd5 Bg5 62. e4 Bf4 63. f6 Rb6 64. f7+ Kf8 65. Ra8+ Kxf7 66. Kxc5+
Re6 67. Ra6 Be3+ 68. Kb5 1-0

[Event "VL2021 MVP"]
[Site "MVP"]
[Date "2020.10.18"]
[Round "2.6"]
[White "Krueger, Gerhard"]
[Black "Hodl, Ingolf"]
[Result "1/2-1/2"]
[WhiteElo "1972"]
[BlackElo "1911"]
[PlyCount "67"]
[EventDate "2020.??.??"]
[EventType "team-tourn"]
[EventRounds "9"]
[EventCountry "GER"]
[WhiteTeam "SF Schwerin III"]
[BlackTeam "SSC Rostock"]
[WhiteTeamCountry "GER"]
[BlackTeamCountry "GER"]

1. e4 Nf6 2. Nc3 e5 3. Nf3 Nc6 4. d4 exd4 5. Nxd4 Bb4 6. Nxc6 bxc6 7. Bd3 O-O
8. O-O Re8 9. Re1 d5 10. exd5 Rxe1+ 11. Qxe1 cxd5 12. Bd2 c5 13. a3 Bxc3 14.
Bxc3 Be6 15. Qe5 Qb6 16. b3 Re8 17. Qg3 d4 18. Bd2 Bd5 19. Re1 Rxe1+ 20. Bxe1
g6 21. Qe5 Qe6 22. Qxe6 fxe6 23. f3 e5 24. Bg3 e4 25. fxe4 Bxe4 26. Bd6 Bxd3
27. cxd3 Nd7 28. b4 cxb4 29. Bxb4 Kf7 30. Kf2 Ke6 31. Kf3 Kd5 32. h3 Ne5+ 33.
Ke2 Kc6 34. Kd2 1/2-1/2

[Event "VL2021 MVP"]
[Site "MVP"]
[Date "2020.10.18"]
[Round "2.8"]
[White "Pamperin, Gerhard"]
[Black "Wurst, Oliver"]
[Result "1-0"]
[WhiteElo "1926"]
[BlackElo "1631"]
[PlyCount "48"]
[EventDate "2020.??.??"]
[EventType "team-tourn"]
[EventRounds "9"]
[EventCountry "GER"]
[WhiteTeam "SF Schwerin III"]
[BlackTeam "SSC Rostock"]
[WhiteTeamCountry "GER"]
[BlackTeamCountry "GER"]

1. d4 d5 2. Nf3 Nf6 3. e3 e6 4. c4 c6 5. Nc3 Bd6 6. Be2 O-O 7. O-O a6 8. c5 Bc7
9. b4 Nbd7 10. Bb2 Re8 11. a4 e5 12. dxe5 Nxe5 13. h3 Bf5 14. Nd4 Bd7 15. b5
axb5 16. axb5 Ba5 17. Qb3 Qe7 18. Na4 Bc7 19. bxc6 Nxc6 20. Nb5 Be5 21. Bxe5
Qxe5 22. Qc3 Re7 23. Nb6 Rxa1 24. Rxa1 Qb8 1-0